000 00454nam a2200181Ia 4500
008 230524s9999 xx 000 0 und d
020 _a8120311774
082 _a4.16
_bTAN
100 _aAaron M.Tanenbaum
245 0 _aData Structure Using C
250 _a2ND
260 _aNEW DELHI
_bPearson
_c2004
300 _aX;662
500 _aQuantity Number: 72
650 _aComp-Sc
700 _a"Yedityah Langsam , Moshe J.Augenstein,,,"
942 _cBK
999 _c6742
_d6742